| 000 | 00783nam a2200205 a 4500 | ||
|---|---|---|---|
| 003 | AM-YeHGA | ||
| 005 | 20250618071925.0 | ||
| 008 | 031224s1935 ai 000 | arm d | ||
| 040 | _aAM-YeHGA | ||
| 041 | 0 | _aarm | |
| 100 | 0 |
_aՍիպիլ, _d1863-1934 |
|
| 245 | 1 | 0 |
_aՔերթվածներ / _cՍիպիլ; Խմբ. և առաջաբ.՝ Ալազան. |
| 260 |
_aՅերևան : _bՊետհրատ, _c1935. |
||
| 300 |
_a132 էջ : _bլուսանկ. ; _c20 սմ. |
||
| 650 | 1 | 4 |
_aՀայ գրականություն _xՊոեզիա |
| 700 | 1 |
_aԱլազան, Վահրամ Մարտիրոսի, _d1903-1966 _eխմբ., առաջաբ. _4edt _4aui _978 |
|
| 856 | 4 |
_uhttps://arar.sci.am/dlibra/publication/312523/edition/287020/content _yԿարդալ առցանց |
|
| 942 |
_2udc _cBK |
||
| 090 | _c110483 | ||
| 999 |
_c109151 _d109151 |
||